00426nam a2200133Ia 450000500170000000800410001702000150005808200130007310000150008624500480010126000380014930000160018750000890020320250129003819.0240331s9999 xx 000 0 und d a8185396035 bDHAa954 aMehta, M.K 0aSocial and economic history ofancient India aNew DelhibS. S. Publishersc1991 av, 279 p ., aThe book attempts, in details, the study of Social & Economic life in Ancient India.